MARC details
| 000 -LEADER |
| fixed length control field |
01944cam a2200481 i 4500 |
| 001 - CONTROL NUMBER |
| control field |
on1379314825 |
| 003 - CONTROL NUMBER IDENTIFIER |
| control field |
OCoLC |
| 005 - DATE AND TIME OF LATEST TRANSACTION |
| control field |
20230629093719.0 |
| 006 - FIXED-LENGTH DATA ELEMENTS--ADDITIONAL MATERIAL CHARACTERISTICS |
| fixed length control field |
m o d |
| 007 - PHYSICAL DESCRIPTION FIXED FIELD--GENERAL INFORMATION |
| fixed length control field |
cr ||||||||||| |
| 008 - FIXED-LENGTH DATA ELEMENTS--GENERAL INFORMATION |
| fixed length control field |
230519t20232021ja a ob 000 0 eng d |
| 040 ## - CATALOGING SOURCE |
| Original cataloging agency |
KKU |
| Language of cataloging |
eng |
| Description conventions |
rda |
| Transcribing agency |
KKU |
| Modifying agency |
JSTOR |
| 020 ## - INTERNATIONAL STANDARD BOOK NUMBER |
| International Standard Book Number |
9784866581118 |
| Qualifying information |
(electronic bk.) |
| 020 ## - INTERNATIONAL STANDARD BOOK NUMBER |
| International Standard Book Number |
4866581115 |
| Qualifying information |
(electronic bk.) |
| 035 ## - SYSTEM CONTROL NUMBER |
| System control number |
(OCoLC)1379314825 |
| 037 ## - SOURCE OF ACQUISITION |
| Stock number |
22573/cats2815912 |
| Source of stock number/acquisition |
JSTOR |
| 050 #4 - LIBRARY OF CONGRESS CALL NUMBER |
| Classification number |
GT2916 |
| Item number |
.K86213 2023 |
| 082 04 - DEWEY DECIMAL CLASSIFICATION NUMBER |
| Classification number |
394.1/50952 |
| Edition number |
23/eng/20230522 |
| 100 1# - MAIN ENTRY--PERSONAL NAME |
| Personal name |
Kumakura, Isao, |
| Relator term |
author. |
| 240 10 - UNIFORM TITLE |
| Uniform title |
Chanoyu. |
| Language of a work |
English |
| 245 10 - TITLE STATEMENT |
| Title |
Japanese tea culture : |
| Remainder of title |
the heart and form of Chanoyu / |
| Statement of responsibility, etc. |
Kumakura Isao ; translated by Martha J. McClintock. |
| 250 ## - EDITION STATEMENT |
| Edition statement |
First English edition |
| 264 #1 - PRODUCTION, PUBLICATION, DISTRIBUTION, MANUFACTURE, AND COPYRIGHT NOTICE |
| Place of production, publication, distribution, manufacture |
Tokyo, Japan : |
| Name of producer, publisher, distributor, manufacturer |
Japan Publishing Industry Foundation for Culture, |
| Date of production, publication, distribution, manufacture, or copyright notice |
2023. |
| 264 #4 - PRODUCTION, PUBLICATION, DISTRIBUTION, MANUFACTURE, AND COPYRIGHT NOTICE |
| Date of production, publication, distribution, manufacture, or copyright notice |
©2021 |
| 300 ## - PHYSICAL DESCRIPTION |
| Extent |
1 online resource (239 pages) : |
| Other physical details |
illustrations |
| 336 ## - CONTENT TYPE |
| Content type term |
text |
| Content type code |
txt |
| Source |
rdacontent |
| 337 ## - MEDIA TYPE |
| Media type term |
computer |
| Media type code |
c |
| Source |
rdamedia |
| 338 ## - CARRIER TYPE |
| Carrier type term |
online resource |
| Carrier type code |
cr |
| Source |
rdacarrier |
| 500 ## - GENERAL NOTE |
| General note |
First published in Japanese in 1977. |
| 504 ## - BIBLIOGRAPHY, ETC. NOTE |
| Bibliography, etc. note |
Includes bibliographical references (pages 227-236). |
| 588 0# - SOURCE OF DESCRIPTION NOTE |
| Source of description note |
Description based on online resource; title from PDF title page (viewed on May 19, 2023). |
| 590 ## - LOCAL NOTE (RLIN) |
| Local note |
JSTOR |
| Provenance (VM) [OBSOLETE] |
Books at JSTOR Open Access |
| 650 #0 - SUBJECT ADDED ENTRY--TOPICAL TERM |
| Topical term or geographic name entry element |
Japanese tea ceremony. |
| 650 #0 - SUBJECT ADDED ENTRY--TOPICAL TERM |
| Topical term or geographic name entry element |
Wabi. |
| 650 #0 - SUBJECT ADDED ENTRY--TOPICAL TERM |
| Topical term or geographic name entry element |
Chashitsu (Japanese tearooms) |
| 650 #7 - SUBJECT ADDED ENTRY--TOPICAL TERM |
| Topical term or geographic name entry element |
ART / Asian / Japanese |
| 700 1# - ADDED ENTRY--PERSONAL NAME |
| Personal name |
McClintock, Martha Jane, |
| Relator term |
translator. |
| 710 2# - ADDED ENTRY--CORPORATE NAME |
| Corporate name or jurisdiction name as entry element |
Shuppan Bunka Sangyō Shinkō Zaidan, |
| Relator term |
publisher. |
| Authority record control number or standard number |
http://id.loc.gov/authorities/names/nr2007000205 |
| 776 08 - ADDITIONAL PHYSICAL FORM ENTRY |
| Relationship information |
Print version: |
| Title |
Japanese tea culture : the heart and form of Chanoyu. |
| Place, publisher, and date of publication |
Tokyo : Japan Publishing Industry Foundation for Culture, 2023 |
| International Standard Book Number |
9784866582467 |
| 856 40 - ELECTRONIC LOCATION AND ACCESS |
| Uniform Resource Identifier |
<a href="https://www.jstor.org/stable/10.2307/jj.2840648">https://www.jstor.org/stable/10.2307/jj.2840648</a> |
| 942 ## - ADDED ENTRY ELEMENTS (KOHA) |
| Source of classification or shelving scheme |
Library of Congress Classification |
| Koha item type |
E-Book |
| 994 ## - |
| -- |
92 |
| -- |
PHURS |